Flags of Northern Africa - Statistics

General Stats
  • This quiz has been taken 412 times
  • The average score is 6 of 6
Answer Stats
Picture Answer % Correct
Egypt
99%
Morocco
98%
Tunisia
97%
Algeria
96%
Libya
92%
Sudan
90%
No matching quizzes found
Score Distribution
Percent of People with Each Score
Percentile by Number Answered
Your Score History
You have not taken this quiz